Statistics for SAT Vocabulary Words Starting With A

Click here to take the quiz!

General Stats

  • This quiz has been taken 8,498 times
  • The average score is 12 of 15

Answer Stats

Question Answer % Correct
Anthology (noun)A collection of writings
92%
Audacious (adjective)Bold; reckless
92%
Antipathy (noun)A feeling of dislike
91%
Affluent (adjective)Wealthy
90%
Adulation (noun)Excessive praise or flattery
88%
Archetype (noun)An ideal example of something
88%
Ardent (adjective)Passionate
83%
Abate (verb)To make less intense
80%
Austere (adjective)Severe; lacking ornament
75%
Abscond (verb)To leave suddenly and secretly
73%
Ambivalent (adjective)Having contradictory feelings about something
71%
Acumen (noun)Shrewdness
68%
Ascetic (noun)One who practices strict self-denial
63%
Anathema (noun)Something that one vehemently dislikes
58%
Alacrity (noun)Enthusiasm and promptness
42%

Score Distribution

Percentile by Number Answered

Percent of People with Each Score

Your Score History

You have not taken this quiz